[Event "12. Longericher Sommer-Open A"]
[Site "Köln"]
[Date "2015.07.31"]
[Round "1.26"]
[White "Köllner, Ruben Gideon"]
[Black "Theißen, Frank"]
[Result "1/2-1/2"]
[WhiteElo "1681"]
[BlackElo "1796"]
[PlyCount "90"]
[EventDate "2015.??.??"]
[WhiteTeam "SV Bergneustadt/Derschlag"]
[BlackTeam "TV Borken"]

1. d4 d5 2. Nf3 Nf6 3. e3 e6 4. Bd3 Nbd7 5. Nbd2 c5 6. c3 Bd6 7. O-O O-O 8. Qe2
Re8 9. e4 dxe4 10. Nxe4 Nxe4 11. Qxe4 f5 12. Qe2 cxd4 13. cxd4 g6 14. Bc4 Nf8
15. Bg5 Be7 16. Bxe7 Qxe7 17. Rac1 Bd7 18. Ne5 a6 19. Nxd7 Qxd7 20. Rfd1 Rac8
21. Qf3 b5 22. Bb3 Rxc1 23. Rxc1 Qxd4 24. Qc6 Re7 25. Qxa6 Qxb2 26. Rd1 Qe5 27.
Qd6 Qxd6 28. Rxd6 Rc7 29. Kf1 Kf7 30. Rb6 Rc5 31. Rb7+ Kf6 32. Ke2 g5 33. Kd3
h5 34. Kd4 Re5 35. Rf7+ Kxf7 36. Kxe5 Ke7 37. Bd1 Nd7+ 38. Kd4 Nf6 39. Be2 b4
40. Kc4 Nd5 41. Bf3 Nc3 42. Kxb4 Nxa2+ 43. Kb3 Nc1+ 44. Kc2 Na2 45. Kb3 Nc1+
1/2-1/2

[Event "12. Longericher Sommer-Open A"]
[Site "Köln"]
[Date "2015.07.31"]
[Round "1.27"]
[White "Engel, Johann"]
[Black "Sewald, Kathrin"]
[Result "1-0"]
[WhiteElo "1784"]
[BlackElo "1661"]
[PlyCount "109"]
[EventDate "2015.??.??"]
[WhiteTeam "Brühler SK"]
[BlackTeam "SG Porz"]

1. d4 c5 2. d5 e5 3. e4 d6 4. Nc3 Be7 5. Bd3 Nf6 6. Nf3 Nbd7 7. O-O Nf8 8. Nd2
a6 9. a4 b6 10. Nc4 Ng6 11. Ne2 Nh5 12. a5 b5 13. Nb6 Rb8 14. Nd4 Rxb6 15. axb6
Nhf4 16. Nxb5 Qxb6 17. Nc3 O-O 18. Ne2 Bg5 19. Nxf4 Bxf4 20. Bxf4 Nxf4 21. b3
Qd8 22. Qf3 h5 23. Bxa6 Bg4 24. Qg3 f5 25. f3 h4 26. Qf2 Bh3 27. Qd2 Qg5 28.
Rf2 fxe4 29. fxe4 Bd7 30. Kh1 Ra8 31. Qc1 Qg6 32. Bd3 Rxa1 33. Qxa1 Kh7 34. Qd1
h3 35. g3 Bg4 36. Qd2 Ng2 37. Be2 Bd7 38. Bf3 Kg8 39. Qe2 Qg5 40. Bxg2 hxg2+
41. Kxg2 Bg4 42. Qd2 Qg6 43. Qe3 Qh5 44. h4 Qg6 45. Kh2 Kh7 46. Rf1 Bd7 47. Re1
Qg4 48. Re2 Qh3+ 49. Kg1 Bb5 50. c4 Ba6 51. Qg5 Qd7 52. Qf5+ Qxf5 53. exf5 Bc8
54. g4 Kg8 55. Ra2 1-0

[Event "12. Longericher Sommer-Open A"]
[Site "Köln"]
[Date "2015.08.02"]
[Round "2.1"]
[White "Lenhardt, Manfred"]
[Black "Khanukov, Boris"]
[Result "0-1"]
[WhiteElo "2102"]
[BlackElo "2322"]
[PlyCount "68"]
[EventDate "2015.??.??"]
[WhiteTeam "SC Weisse Dame (Berlin)"]
[BlackTeam "Bahn-SC Wuppertal"]

1. d4 Nf6 2. Nf3 e6 3. c4 d5 4. g3 c6 5. Qc2 Bb4+ 6. Bd2 Be7 7. Bg2 O-O 8. O-O
b5 9. cxb5 cxb5 10. Bf4 Bb7 11. Nbd2 Nc6 12. Rfc1 Qb6 13. Nb3 Rac8 14. Qd1 Ne4
15. Be3 Rfd8 16. Nfd2 Nd6 17. Nc5 Nf5 18. Ndb3 a5 19. Qd2 a4 20. Nxb7 Qxb7 21.
Nc5 Qb6 22. Bh3 Ncxd4 23. Nxa4 Qa6 24. Bxd4 Nxd4 25. Qxd4 bxa4 26. Bf1 Bf6 27.
Qd2 a3 28. e3 Qa8 29. bxa3 Bxa1 30. Rxa1 Qxa3 31. h4 Rb8 32. Bd3 Rdc8 33. Kg2
Rb2 34. Qd1 h6 0-1

[Event "12. Longericher Sommer-Open A"]
[Site "Köln"]
[Date "2015.08.02"]
[Round "2.3"]
[White "Gülsen, Taylan"]
[Black "Kniest, Oliver"]
[Result "0-1"]
[WhiteElo "2056"]
[BlackElo "2252"]
[PlyCount "56"]
[EventDate "2015.??.??"]
[WhiteTeam "SG Niederkassel"]
[BlackTeam "SG Solingen"]

1. Nf3 c5 2. c4 Nc6 3. g3 g6 4. Nc3 Bg7 5. Bg2 e5 6. O-O Nge7 7. d3 d6 8. Bg5
f6 9. Bd2 O-O 10. Qc1 Rf7 11. Bh6 Bh8 12. h4 Nf5 13. Bd2 Be6 14. Ne1 Qd7 15. e3
Nfe7 16. Nd5 Bh3 17. Nxe7+ Nxe7 18. e4 Nc6 19. Nc2 Bxg2 20. Kxg2 f5 21. f3 h5
22. a3 f4 23. b4 Raf8 24. b5 Nd8 25. Rf2 fxg3 26. Kxg3 Rxf3+ 27. Rxf3 Qg4+ 28.
Kh2 Rxf3 0-1

[Event "12. Longericher Sommer-Open A"]
[Site "Köln"]
[Date "2015.08.02"]
[Round "2.4"]
[White "Mohaupt, Sascha"]
[Black "Stier, Artem"]
[Result "1-0"]
[WhiteElo "2193"]
[BlackElo "2052"]
[PlyCount "57"]
[EventDate "2015.??.??"]
[WhiteTeam "SV Wermelskirchen"]
[BlackTeam "Godesberger SK"]

1. e4 e6 2. d4 d5 3. Nc3 Bb4 4. Qd3 c5 5. dxc5 d4 6. a3 Bxc3+ 7. bxc3 Nc6 8.
Ne2 dxc3 9. Nxc3 a6 10. Qxd8+ Kxd8 11. Bf4 e5 12. O-O-O+ Ke8 13. Nd5 Kf8 14.
Nb6 Rb8 15. Bxe5 Nxe5 16. Rd8+ Ke7 17. Rxc8 Nf6 18. Rxh8 Rxh8 19. f4 Ng6 20. e5
Ne4 21. g3 Nxc5 22. Bg2 Rd8 23. Rd1 Rxd1+ 24. Kxd1 f6 25. exf6+ Kxf6 26. Kd2
Ke6 27. Kc3 Kd6 28. Kb4 Ne7 29. Nc4+ 1-0

[Event "12. Longericher Sommer-Open A"]
[Site "Köln"]
[Date "2015.08.02"]
[Round "2.5"]
[White "Lindam, Ingo"]
[Black "Heinert, Eugen"]
[Result "0-1"]
[WhiteElo "2053"]
[BlackElo "2183"]
[PlyCount "50"]
[EventDate "2015.??.??"]
[WhiteTeam "Kölner SK Dr. Lasker"]
[BlackTeam "OSC Rheinhausen"]

1. d4 d5 2. Nf3 Nf6 3. c4 c6 4. Qc2 dxc4 5. e4 b5 6. b3 cxb3 7. axb3 e6 8. Bd2
a5 9. Bd3 Be7 10. O-O Bb7 11. Rc1 h6 12. Nc3 Nbd7 13. e5 Nd5 14. Nxd5 exd5 15.
e6 fxe6 16. Bg6+ Kf8 17. Bh5 Nf6 18. Ne5 Nxh5 19. Qg6 Qe8 20. Qxe6 Nf6 21. Rxa5
Rxa5 22. Bxa5 Ba3 23. Qf5 Bxc1 24. Bb4+ Kg8 25. Ng6 Qe4 0-1

[Event "12. Longericher Sommer-Open A"]
[Site "Köln"]
[Date "2015.08.02"]
[Round "2.6"]
[White "van der Valk, Niklas"]
[Black "Suvorov, Alexander"]
[Result "1/2-1/2"]
[WhiteElo "2129"]
[BlackElo "1940"]
[PlyCount "92"]
[EventDate "2015.??.??"]
[WhiteTeam "Godesberger SK"]
[BlackTeam "SG Porz"]

1. c4 c5 2. Nf3 Nf6 3. b3 g6 4. Bb2 Bg7 5. g3 b6 6. Bg2 Bb7 7. O-O O-O 8. e3 e6
9. d4 cxd4 10. exd4 d5 11. Nbd2 Nc6 12. Qe2 Re8 13. Rac1 Rc8 14. Rfd1 Ba8 15.
c5 Nd7 16. cxb6 Qxb6 17. Qd3 Nb4 18. Qb1 Bb7 19. a3 Nc6 20. Qa1 a5 21. Rc2 Ba6
22. Bf1 Na7 23. Rdc1 Bxf1 24. Kxf1 Bf8 25. Kg2 Qa6 26. Rc7 Red8 27. R1c2 Bd6
28. Rxc8 Rxc8 29. Qc1 Rxc2 30. Qxc2 Qc6 31. Qxc6 Nxc6 32. Ne1 f6 33. f4 Kf7 34.
Ndf3 Ke7 35. Nd3 Bc7 36. Kf1 Kd8 37. Ke2 Bd6 38. g4 Kc7 39. a4 Ndb8 40. h3 Na6
41. Bc1 Kd7 42. Be3 Bc7 43. Bd2 Ke7 44. Bc3 Bd6 45. Bd2 Bc7 46. Bc3 Bd6 1/2-1/2

[Event "12. Longericher Sommer-Open A"]
[Site "Köln"]
[Date "2015.08.02"]
[Round "2.7"]
[White "Tochtenhagen, Wolfgang"]
[Black "Modric, Vladimir"]
[Result "1/2-1/2"]
[WhiteElo "2091"]
[BlackElo "1911"]
[PlyCount "62"]
[EventDate "2015.??.??"]
[WhiteTeam "DJK Aufwärts Aachen"]
[BlackTeam "SC Nied"]

1. e4 e6 2. d4 d5 3. e5 c5 4. c3 Qb6 5. Nf3 Bd7 6. a3 cxd4 7. Nxd4 Nc6 8. Nxc6
Bxc6 9. Bd3 Bb5 10. O-O Ne7 11. Bxb5+ Qxb5 12. a4 Qd7 13. Na3 Ng6 14. f4 Bxa3
15. Rxa3 O-O 16. Be3 Rac8 17. Bxa7 Rc4 18. Bd4 Rfc8 19. b3 Rxc3 20. Bxc3 Rxc3
21. Ra1 h6 22. Rc1 Re3 23. Rf3 Re4 24. g3 b5 25. axb5 Qxb5 26. Qd3 Qb6+ 27. Kg2
Ne7 28. g4 Ng6 29. Kg3 Qd8 30. h3 Nxf4 31. Rxf4 Rxf4 1/2-1/2

[Event "12. Longericher Sommer-Open A"]
[Site "Köln"]
[Date "2015.08.02"]
[Round "2.8"]
[White "Speck, Stefan"]
[Black "Statz, Samuel"]
[Result "1/2-1/2"]
[WhiteElo "2041"]
[BlackElo "1957"]
[PlyCount "68"]
[EventDate "2015.??.??"]
[WhiteTeam "SC Solingen 28"]
[BlackTeam "SV Erftstadt"]

1. e4 e5 2. Nf3 Nc6 3. Nc3 Nf6 4. d4 exd4 5. Nxd4 Bb4 6. Nxc6 bxc6 7. Bd3 d5 8.
exd5 cxd5 9. O-O O-O 10. Qf3 c6 11. Bg5 Be7 12. Rfe1 h6 13. Bh4 Be6 14. Ne2 c5
15. c3 Rb8 16. b3 a5 17. Bc2 Re8 18. Rad1 Qd7 19. Qd3 g6 20. Qd2 Kg7 21. Bg3
Bd6 22. Bf4 Bxf4 23. Nxf4 Bf5 24. Bxf5 Qxf5 25. f3 Rxe1+ 26. Rxe1 c4 27. Qd4
cxb3 28. axb3 Rxb3 29. g4 Qg5 30. Re7 Rb1+ 31. Kg2 Qh4 32. Qa7 Rb2+ 33. Kf1
Rb1+ 34. Kg2 Rb2+ 1/2-1/2

[Event "12. Longericher Sommer-Open A"]
[Site "Köln"]
[Date "2015.08.02"]
[Round "2.9"]
[White "Liedmann, Dennis"]
[Black "Andrijenko, Anatoliy"]
[Result "1-0"]
[WhiteElo "2085"]
[BlackElo "1902"]
[PlyCount "53"]
[EventDate "2015.??.??"]
[WhiteTeam "SF Gerresheim"]
[BlackTeam "SF Köln-Longerich"]

1. d4 Nf6 2. Nf3 g6 3. Bf4 d6 4. e3 Bg7 5. Be2 Bg4 6. c4 c6 7. h3 Bxf3 8. Bxf3
Nbd7 9. O-O O-O 10. Nc3 e5 11. Bg3 Re8 12. b4 e4 13. Be2 Nb6 14. a4 Qe7 15. Qb3
c5 16. Bxd6 Qxd6 17. bxc5 Qc6 18. cxb6 axb6 19. c5 bxc5 20. Bb5 Qb6 21. a5 Qc7
22. Bxe8 Rxe8 23. Nb5 Qe7 24. Rfc1 cxd4 25. Rc7 Qe6 26. Qxe6 fxe6 27. Nxd4 1-0

[Event "12. Longericher Sommer-Open A"]
[Site "Köln"]
[Date "2015.08.02"]
[Round "2.10"]
[White "Köllner, Christof"]
[Black "Renner, Michael"]
[Result "1-0"]
[WhiteElo "2011"]
[BlackElo "1885"]
[PlyCount "47"]
[EventDate "2015.??.??"]
[WhiteTeam "SV Bergneustadt/Derschlag"]
[BlackTeam "Fideler Bauer Leverkusen"]

1. d4 d5 2. Nf3 c6 3. e3 Nf6 4. Nbd2 Bg4 5. h3 Bh5 6. g4 Bg6 7. Ne5 Nbd7 8. h4
h5 9. Nxg6 fxg6 10. Bd3 Qa5 11. Bxg6+ Kd8 12. g5 Ne4 13. Qf3 Nd6 14. Bxh5 e5
15. Bg4 exd4 16. exd4 Kc7 17. Kf1 Be7 18. Kg2 Rhf8 19. Qg3 Kd8 20. Nb3 Qb5 21.
Qe3 Nc4 22. Qe6 Ncb6 23. a4 Qb4 24. a5 1-0

[Event "12. Longericher Sommer-Open A"]
[Site "Köln"]
[Date "2015.08.02"]
[Round "2.11"]
[White "Alexopoulos, Spiros Orestis"]
[Black "Gutt, Oswald"]
[Result "1/2-1/2"]
[WhiteElo "1929"]
[BlackElo "2008"]
[PlyCount "36"]
[EventDate "2015.??.??"]
[WhiteTeam "Aachener SV"]
[BlackTeam "Bergische SF"]

1. c4 e5 2. Nc3 Nf6 3. g3 c6 4. Bg2 d5 5. d4 exd4 6. Qxd4 dxc4 7. Qxd8+ Kxd8 8.
Bg5 Be7 9. O-O-O+ Ke8 10. Nf3 Be6 11. Nd4 Ng4 12. Nxe6 fxe6 13. Bxe7 Kxe7 14.
Rd4 Nf6 15. Rhd1 Nbd7 16. Ne4 Rad8 17. Rxc4 Nxe4 18. Rxe4 Nc5 1/2-1/2

[Event "12. Longericher Sommer-Open A"]
[Site "Köln"]
[Date "2015.08.02"]
[Round "2.12"]
[White "Esser, Thomas"]
[Black "Hajek, Florian"]
[Result "1/2-1/2"]
[WhiteElo "2008"]
[BlackElo "1870"]
[PlyCount "101"]
[EventDate "2015.??.??"]
[WhiteTeam "PTSVAachen"]
[BlackTeam "Pulheimer SC"]

1. d4 d5 2. c4 c6 3. Nf3 Nf6 4. e3 g6 5. Nc3 Bg7 6. Be2 O-O 7. O-O Re8 8. Bd2
Nbd7 9. cxd5 cxd5 10. Qb3 Nb8 11. Ne5 e6 12. Rfc1 Nbd7 13. Nb5 Nxe5 14. dxe5
Ne4 15. Bc3 a6 16. Na3 Nxc3 17. Qxc3 Bd7 18. f4 Qb6 19. Qd4 Qxd4 20. exd4 Rac8
21. Kf2 Bf8 22. Ke3 Rxc1 23. Rxc1 Rc8 24. Rxc8 Bxc8 25. Nc2 Be7 26. Ne1 Bd7 27.
Nf3 Kg7 28. g4 Ba4 29. b3 Bd7 30. Bd3 Ba3 31. Kd2 Bb4+ 32. Kc2 Ba5 33. g5 h5
34. h3 Kf8 35. a3 b5 36. b4 Bb6 37. Kc3 Ke7 38. Nd2 Kd8 39. Nb3 Kc7 40. Nc5
Bxc5 41. bxc5 a5 42. Kb3 Bc6 43. Bf1 Bd7 44. Be2 Be8 45. a4 b4 46. Bb5 Bc6 47.
Bd3 Be8 48. Bf1 Bd7 49. Bb5 Bc6 50. Bxc6 Kxc6 51. Kc2 1/2-1/2

[Event "12. Longericher Sommer-Open A"]
[Site "Köln"]
[Date "2015.08.02"]
[Round "2.13"]
[White "Kemper, Michael"]
[Black "Lambertz, Michael"]
[Result "0-1"]
[WhiteElo "1858"]
[BlackElo "1999"]
[PlyCount "80"]
[EventDate "2015.??.??"]
[WhiteTeam "SV Bayer Dormagen"]
[BlackTeam "SF Esch"]

1. e4 e6 2. d4 d5 3. Nc3 Bb4 4. exd5 exd5 5. Bd3 Nf6 6. a3 Bd6 7. Bg5 c6 8. h3
O-O 9. Nce2 h6 10. Be3 b6 11. Nf3 c5 12. c3 Ba6 13. Bf5 Nc6 14. O-O Re8 15. Re1
Bc8 16. Bd3 c4 17. Bc2 Qc7 18. Qc1 Ne7 19. Ne5 Bf5 20. Ba4 Bd7 21. Nxd7 Nxd7
22. Ng3 Rad8 23. Nh5 Nf5 24. Bd2 Rxe1+ 25. Qxe1 Nf8 26. Qe2 Ng6 27. Qg4 Nfe7
28. Re1 Qc8 29. Qe2 Qf5 30. g4 Qc8 31. f4 f5 32. Bc2 Kf7 33. Qg2 Bc7 34. Kh1
Nh4 35. Qg3 g5 36. Qe3 Neg6 37. fxg5 f4 38. Bxg6+ Nxg6 39. Nxf4 Bxf4 40. Rf1
hxg5 0-1

[Event "12. Longericher Sommer-Open A"]
[Site "Köln"]
[Date "2015.08.02"]
[Round "2.14"]
[White "Kossack, Philipp"]
[Black "Berkle, Pascal"]
[Result "0-1"]
[WhiteElo "1984"]
[BlackElo "1857"]
[PlyCount "70"]
[EventDate "2015.??.??"]
[WhiteTeam "SG Porz"]
[BlackTeam "SV Erftstadt"]

1. d4 Nf6 2. c4 e6 3. Nf3 Bb4+ 4. Nc3 c5 5. d5 Bxc3+ 6. bxc3 d6 7. Nd2 exd5 8.
cxd5 O-O 9. e4 Nxe4 10. Nxe4 Re8 11. Bd3 f5 12. Bg5 Qxg5 13. O-O fxe4 14. Re1
Nd7 15. f3 Nf6 16. fxe4 Bg4 17. Qb3 Bf3 18. Qc2 Re7 19. Kh1 Bh5 20. Qf2 Qe5 21.
Qh4 Qxc3 22. Qg3 Qe5 23. Qh4 Rae8 24. Bb5 Rc8 25. Bd3 Bg6 26. Rac1 a6 27. Re2
Rce8 28. Rce1 b5 29. g4 Qd4 30. g5 Bxe4+ 31. Bxe4 Rxe4 32. Rxe4 Rxe4 33. Qg3
Rxe1+ 34. Qxe1 Qe4+ 35. Qxe4 Nxe4 0-1

[Event "12. Longericher Sommer-Open A"]
[Site "Köln"]
[Date "2015.08.02"]
[Round "2.15"]
[White "Baltic, Fatih"]
[Black "Rokitta, Uwe"]
[Result "0-1"]
[WhiteElo "1843"]
[BlackElo "1981"]
[PlyCount "74"]
[EventDate "2015.??.??"]
[WhiteTeam "SG Porz"]
[BlackTeam "SF Lohmar"]

1. e4 c5 2. Nc3 Nc6 3. Bb5 Nd4 4. Nf3 Nxb5 5. Nxb5 a6 6. Nc3 e6 7. d4 cxd4 8.
Qxd4 Qc7 9. Be3 Ne7 10. Qd2 Nc6 11. O-O Be7 12. Bf4 Qa5 13. Bd6 Bxd6 14. Qxd6
Qb4 15. Rad1 Qxd6 16. Rxd6 Ke7 17. Rfd1 b5 18. e5 f6 19. Ne4 Nxe5 20. Nxe5 fxe5
21. Nc5 Ra7 22. c3 Rf8 23. g3 Rf5 24. R1d3 a5 25. a3 e4 26. Nxe4 Re5 27. R3d4
Rc7 28. f4 Rxe4 29. Rxd7+ Bxd7 30. Rxe4 Rc4 31. Rxc4 bxc4 32. Kf2 Kd6 33. Ke3
Kd5 34. Kf3 Bc6 35. g4 Ba4 36. h3 Bc2 37. h4 Bd1+ 0-1

[Event "12. Longericher Sommer-Open A"]
[Site "Köln"]
[Date "2015.08.02"]
[Round "2.16"]
[White "Schwark, Mario"]
[Black "Liebsch, Felix"]
[Result "1/2-1/2"]
[WhiteElo "1958"]
[BlackElo "1841"]
[PlyCount "90"]
[EventDate "2015.??.??"]
[WhiteTeam "SG Kalker/Deutzer"]
[BlackTeam "SC Bayer Leverkusen"]

1. d4 e6 2. c4 f5 3. Nc3 Nf6 4. g3 d6 5. Bg2 Be7 6. e4 fxe4 7. Nxe4 O-O 8. Nh3
c6 9. O-O e5 10. Nxf6+ Bxf6 11. dxe5 dxe5 12. Qb3 Qc7 13. c5+ Kh8 14. Ng5 Bxg5
15. Bxg5 Bf5 16. Rad1 Nd7 17. Be7 Rfe8 18. Bd6 Qa5 19. Qxb7 Nxc5 20. Bxc5 Qxc5
21. Qxc6 Rac8 22. Qxc5 Rxc5 23. b4 Rc2 24. Bd5 h6 25. Bb3 Rb2 26. f3 Rb8 27.
Rf2 Rxf2 28. Kxf2 Rxb4 29. Rd5 Bb1 30. Ke3 e4 31. Rd1 Bd3 32. fxe4 Bxe4 33. Rd4
Rxd4 34. Kxd4 Bf3 35. Bc4 g5 36. Kc5 Kg7 37. a4 Kf6 38. Kd6 h5 39. Kc7 h4 40.
Kb8 a5 41. Kc7 hxg3 42. hxg3 Kf5 43. Kb6 Kg4 44. Kxa5 Kxg3 45. Be6 g4 1/2-1/2

[Event "12. Longericher Sommer-Open A"]
[Site "Köln"]
[Date "2015.08.02"]
[Round "2.17"]
[White "Maczkowiak, Thomas"]
[Black "Engel, Johann"]
[Result "1/2-1/2"]
[WhiteElo "1942"]
[BlackElo "1784"]
[PlyCount "42"]
[EventDate "2015.??.??"]
[WhiteTeam "MS Halver-Schalksmühle"]
[BlackTeam "Brühler SK"]

1. Nf3 Nf6 2. g3 g6 3. Bg2 Bg7 4. O-O O-O 5. c4 c5 6. Nc3 Nc6 7. d4 cxd4 8.
Nxd4 Qb6 9. Nb3 d6 10. Nd5 Nxd5 11. cxd5 Ne5 12. Be3 Qd8 13. Bd4 Bd7 14. f4 Ng4
15. Bxg7 Kxg7 16. Qd4+ Kg8 17. Rac1 b6 18. Rc3 Rc8 19. Rfc1 Rxc3 20. Rxc3 Nf6
21. e4 Qb8 1/2-1/2

[Event "12. Longericher Sommer-Open A"]
[Site "Köln"]
[Date "2015.08.02"]
[Round "2.18"]
[White "Whitmire, James David"]
[Black "Jörres, Till"]
[Result "1-0"]
[WhiteElo "1940"]
[BlackElo "1767"]
[PlyCount "41"]
[EventDate "2015.??.??"]
[WhiteTeam "PTSVAachen"]
[BlackTeam "Aachener SV"]

1. d4 d5 2. Nf3 e6 3. a3 c5 4. e3 Nc6 5. Bd3 Nf6 6. O-O Be7 7. b3 O-O 8. Bb2
Re8 9. Nbd2 cxd4 10. exd4 Bd6 11. Ne5 Qc7 12. f4 Nd7 13. Bxh7+ Kf8 14. Bd3 Ke7
15. Qh5 Bxe5 16. fxe5 f5 17. Qh7 Nd8 18. Qxg7+ Nf7 19. a4 Nb8 20. Ba3+ Kd8 21.
Qf6+ 1-0

[Event "12. Longericher Sommer-Open A"]
[Site "Köln"]
[Date "2015.08.02"]
[Round "2.19"]
[White "Suvorov, Luca"]
[Black "Kuhn, Andreas"]
[Result "0-1"]
[WhiteElo "1812"]
[BlackElo "1938"]
[PlyCount "94"]
[EventDate "2015.??.??"]
[WhiteTeam "SG Porz"]
[BlackTeam "SG Niederkassel"]

1. d4 d6 2. Nf3 Nf6 3. c4 g6 4. g3 Bg7 5. Bg2 O-O 6. Nc3 Nbd7 7. O-O e5 8. e4
exd4 9. Nxd4 Nc5 10. Re1 Ng4 11. h3 Ne5 12. Bf1 Ne6 13. Nxe6 Bxe6 14. Nd5 Qd7
15. f4 Nc6 16. g4 Rae8 17. f5 Bxd5 18. cxd5 Ne5 19. Bf4 c5 20. Rc1 a6 21. b3
Qd8 22. Qe2 g5 23. Bd2 b5 24. Kg2 Bf6 25. Qe3 Kg7 26. Be2 h6 27. Rh1 Rh8 28.
Be1 Nd7 29. Bf3 Be5 30. Rc2 f6 31. h4 Bf4 32. Qe2 Nb6 33. Kf1 Nxd5 34. Bd2 Bg3
35. Qg2 gxh4 36. exd5 Qe7 37. Rc1 Qe5 38. Rd1 Qd4 39. Be2 Qb2 40. Be1 Re3 41.
Bxg3 hxg3 42. Re1 Qe5 43. Kg1 Qd4 44. Kf1 Rhe8 45. Rh3 Rxe2 46. Qxe2 Rxe2 47.
Rxe2 Qd1+ 0-1

[Event "12. Longericher Sommer-Open A"]
[Site "Köln"]
[Date "2015.08.02"]
[Round "2.20"]
[White "Karwatzki, Hans-Jürgen"]
[Black "Kemper, Horst"]
[Result "0-1"]
[WhiteElo "1689"]
[BlackElo "1782"]
[PlyCount "84"]
[EventDate "2015.??.??"]
[WhiteTeam "SF Stadtverwaltung Bonn"]
[BlackTeam "SV Bayer Dormagen"]

1. e4 c5 2. Nc3 Nc6 3. f4 e6 4. Bb5 Nd4 5. Nf3 Nxb5 6. Nxb5 d5 7. e5 a6 8. Nc3
Nh6 9. O-O Be7 10. d3 b5 11. Qe1 Bb7 12. Kh1 b4 13. Nd1 d4 14. Nf2 Bh4 15. Qe2
Bxf2 16. Qxf2 Nf5 17. c3 O-O 18. cxb4 cxb4 19. Bd2 a5 20. Rac1 Ba6 21. g4 Ne3
22. Bxe3 dxe3 23. Qxe3 Qxd3 24. Qxd3 Bxd3 25. Rfe1 Rac8 26. Kg2 h6 27. Kf2 Bc4
28. b3 Bd5 29. Nd4 g5 30. f5 Kg7 31. Red1 h5 32. h4 Kh6 33. hxg5+ Kxg5 34. gxh5
Kxh5 35. f6 Kg5 36. Rg1+ Kf4 37. Rce1 Rh8 38. Ne2+ Kxe5 39. Nc3+ Kxf6 40. Nxd5+
exd5 41. Rg3 Rc2+ 42. Kg1 Rh5 0-1

[Event "12. Longericher Sommer-Open A"]
[Site "Köln"]
[Date "2015.08.02"]
[Round "2.21"]
[White "Hertling, Jürgen"]
[Black "Köllner, Ruben Gideon"]
[Result "1-0"]
[WhiteElo "1890"]
[BlackElo "1681"]
[PlyCount "79"]
[EventDate "2015.??.??"]
[WhiteTeam "SF Köln-Mülheim"]
[BlackTeam "SV Bergneustadt/Derschlag"]

1. d4 d6 2. c4 e5 3. d5 Nf6 4. Nc3 c6 5. e4 Bd7 6. Bd3 b5 7. dxc6 Bxc6 8. cxb5
Bb7 9. Nge2 Nbd7 10. O-O Be7 11. Ng3 O-O 12. Nf5 Nc5 13. Nxe7+ Qxe7 14. Nd5
Bxd5 15. exd5 Nxd3 16. Qxd3 Qb7 17. Rd1 Rab8 18. a4 Rfc8 19. Bg5 Nd7 20. b4 f6
21. Be3 Rc7 22. h3 Rbc8 23. a5 Rc4 24. b6 axb6 25. a6 Qa8 26. b5 R4c7 27. Qf5
Re8 28. Rac1 Nc5 29. Bxc5 Rxc5 30. Rxc5 dxc5 31. d6 Kh8 32. d7 Rd8 33. Qe6 h6
34. Qc6 Qb8 35. Qb7 Qxb7 36. axb7 Kh7 37. Rd6 Kg6 38. Rxb6 Rb8 39. Rc6 Kf7 40.
Rc8 1-0

[Event "12. Longericher Sommer-Open A"]
[Site "Köln"]
[Date "2015.08.02"]
[Round "2.22"]
[White "Theißen, Frank"]
[Black "Gelsok, Philipp"]
[Result "1/2-1/2"]
[WhiteElo "1796"]
[BlackElo "1871"]
[PlyCount "52"]
[EventDate "2015.??.??"]
[WhiteTeam "TV Borken"]
[BlackTeam "Bergische SF"]

1. e4 c5 2. Nc3 Nc6 3. g3 g6 4. Bg2 Bg7 5. d3 d6 6. f4 e6 7. Nf3 Nge7 8. O-O
O-O 9. Be3 b6 10. Qd2 Bb7 11. Rae1 Rc8 12. Qf2 d5 13. exd5 exd5 14. Nd1 Nf5 15.
Bc1 Qd6 16. Ne3 Nxe3 17. Rxe3 Rce8 18. Rfe1 Rxe3 19. Rxe3 Bc8 20. h3 Bd7 21.
Re2 Nd4 22. Re1 Re8 23. Rxe8+ Bxe8 24. c3 Nxf3+ 25. Qxf3 d4 26. c4 Qd7 1/2-1/2

[Event "12. Longericher Sommer-Open A"]
[Site "Köln"]
[Date "2015.08.02"]
[Round "2.23"]
[White "Pislaru, Adrian"]
[Black "Gnass, Arno"]
[Result "1-0"]
[WhiteElo "1721"]
[BlackElo "1798"]
[PlyCount "99"]
[EventDate "2015.??.??"]
[WhiteTeam "SG Porz"]
[BlackTeam "Bergische SF"]

1. Nf3 d5 2. c4 c6 3. g3 g6 4. Bg2 Bg7 5. d4 dxc4 6. e4 Bg4 7. Be3 Nf6 8. Nbd2
O-O 9. h3 Be6 10. Ng5 Qc8 11. e5 Nd5 12. Nxc4 Nxe3 13. Nxe3 Rd8 14. f4 Na6 15.
Nxe6 Qxe6 16. O-O Nc7 17. Qa4 a6 18. g4 Qd7 19. Rad1 e6 20. Qc4 Bh6 21. a4 Rac8
22. Qc3 Nd5 23. Bxd5 cxd5 24. Qb3 Rc7 25. Rf2 Rdc8 26. f5 Rc3 27. bxc3 Bxe3 28.
f6 Qc6 29. Rd3 Bxf2+ 30. Kxf2 b5 31. axb5 axb5 32. Qb2 Ra8 33. Kf3 Qc4 34. Rd2
Rc8 35. Rc2 Qd3+ 36. Kg2 b4 37. Qc1 Rxc3 38. Rxc3 bxc3 39. Qa3 Qd2+ 40. Kg3
Qe3+ 41. Kg2 Qe4+ 42. Kg3 h5 43. Qxc3 g5 44. gxh5 Qh4+ 45. Kg2 Qxh5 46. Qc2 g4
47. Qd3 gxh3+ 48. Kh2 Kf8 49. Qa3+ Ke8 50. Qe7# 1-0

[Event "12. Longericher Sommer-Open A"]
[Site "Köln"]
[Date "2015.08.02"]
[Round "2.24"]
[White "Meyer, Stefan"]
[Black "Runte, Dirk"]
[Result "1-0"]
[WhiteElo "1782"]
[BlackElo "1721"]
[PlyCount "83"]
[EventDate "2015.??.??"]
[WhiteTeam "SV Grevenbroich"]
[BlackTeam "Fideler Bauer Leverkusen"]

1. d4 Nf6 2. c4 g6 3. Nc3 Bg7 4. e4 d6 5. f4 c5 6. d5 O-O 7. Nf3 e6 8. Be2 exd5
9. cxd5 Re8 10. Nd2 Nbd7 11. O-O a6 12. a4 c4 13. Bxc4 Nc5 14. e5 Bg4 15. Nf3
dxe5 16. fxe5 Rxe5 17. Qd4 Bxf3 18. Qxe5 Nxd5 19. Qg3 Nxc3 20. Qxf3 Qd4+ 21.
Be3 Qxc4 22. Bxc5 Qxc5+ 23. Kh1 Qd5 24. bxc3 Qxf3 25. Rxf3 Rc8 26. Rd3 b5 27.
axb5 axb5 28. Rb1 Bxc3 29. Rxb5 Bd2 30. Kg1 Bf4 31. g3 Rc1+ 32. Kg2 Rc2+ 33.
Kf3 Bh6 34. h4 Rc6 35. Rb7 Kg7 36. Rd8 g5 37. h5 Rc3+ 38. Kg4 Rc4+ 39. Kf5 Rc5+
40. Ke4 Rc1 41. Rbb8 Rg1 42. Rg8+ 1-0

[Event "12. Longericher Sommer-Open A"]
[Site "Köln"]
[Date "2015.08.02"]
[Round "2.25"]
[White "Spindler, Florian"]
[Black "Schumacher, Markus"]
[Result "1/2-1/2"]
[WhiteElo "1771"]
[BlackElo "1719"]
[PlyCount "106"]
[EventDate "2015.??.??"]
[WhiteTeam "SG Porz"]
[BlackTeam "Godesberger SK"]

1. d4 Nf6 2. c4 g6 3. Nf3 d5 4. cxd5 Nxd5 5. e4 Nb6 6. Be3 Bg7 7. Nc3 O-O 8. a4
a5 9. Be2 Na6 10. O-O Bg4 11. Rc1 Nb4 12. h3 Bxf3 13. Bxf3 Nc4 14. Qb3 Nxe3 15.
fxe3 c6 16. Be2 e6 17. Bc4 Qg5 18. Rce1 Rad8 19. Na2 Nxa2 20. Qxa2 Qe7 21. Rd1
Bh6 22. Rf3 Qb4 23. Rdf1 Qd2 24. Rxf7 Qxe3+ 25. Kh1 Rxf7 26. Bxe6 Bf4 27. Bxf7+
Kg7 28. Qb3 Qxe4 29. Qxb7 Kh6 30. d5 cxd5 31. Qb6 Bg5 32. Qb3 d4 33. Rd1 d3 34.
Qe6 Qxa4 35. b3 Qa2 36. Qe1 d2 37. Qe2 Qc2 38. Bc4 Qb2 39. g3 Qd4 40. Kg2 Be3
41. Qf3 Qc5 42. Rf1 Rf8 43. Qe2 Rxf1 44. Qxf1 Qf5 45. Qxf5 gxf5 46. Be2 Kg5 47.
Kf3 Bc5 48. Bd1 h6 49. Be2 Bd6 50. Bd1 f4 51. h4+ Kh5 52. Ke4+ Kg6 53. gxf4 Kf6
1/2-1/2

[Event "12. Longericher Sommer-Open A"]
[Site "Köln"]
[Date "2015.08.02"]
[Round "2.27"]
[White "Sewald, Kathrin"]
[Black "Ringeltaube, Denny"]
[Result "1-0"]
[WhiteElo "1661"]
[BlackElo "1733"]
[PlyCount "97"]
[EventDate "2015.??.??"]
[WhiteTeam "SG Porz"]
[BlackTeam "Klub Kölner SF"]

1. e4 c5 2. Nf3 e6 3. d4 cxd4 4. Nxd4 Nc6 5. Nc3 Nf6 6. Ndb5 Bc5 7. Bf4 e5 8.
Bg3 O-O 9. Nd6 Qb6 10. Nc4 Qc7 11. a3 a6 12. Bd3 b5 13. Ne3 Bxe3 14. fxe3 b4
15. axb4 Nxb4 16. O-O Qb6 17. Qe2 Nxd3 18. cxd3 Qe6 19. Rf5 d6 20. Bh4 Ne8 21.
Nd5 Ra7 22. Raf1 Qg6 23. Ne7+ Rxe7 24. Bxe7 Bxf5 25. exf5 Qh6 26. Bxf8 Kxf8 27.
Qf3 Qf6 28. Qb7 a5 29. Qb5 Qd8 30. Ra1 Qg5 31. e4 g6 32. fxg6 hxg6 33. Kh1 Nf6
34. Qxa5 Ng4 35. Qe1 Qf4 36. Qg3 Nf2+ 37. Kg1 Qxg3 38. hxg3 Nxd3 39. Ra8+ Ke7
40. Rb8 f5 41. exf5 gxf5 42. b4 e4 43. Kf1 Ke6 44. b5 Kd5 45. Rc8 Nc5 46. b6
Nb7 47. Rc7 Na5 48. b7 Nxb7 49. Rxb7 1-0